Hovorový štýl súčasnej spisovnej slovenčiny

Bibliographic Details
Main Author: Ivanová-Šalingová, Mária, 1923-2016 (Author)
Format: Article
Language:Slovak
Subjects:

MARC

LEADER 00000nab a2200000 a 4500
001 vtls009173210
003 SK-MaSNL
005 20260304154238.0
008 250507c1963 xo |r|p|||||||000 b|slo
015 |a SNBRB2008/01  |2 snkbucl 
035 |a (uuid)9ee2e5ff-5410-4621-97d7-0eecac6745d6 
035 |a urn:nbn:sk:snk-abc2pf 
035 |a (urnnbn)urn:nbn:sk:snk:ar-002yr1 
038 |a SNKBUCL 
040 |a SNKBUCL  |b slo  |c SNKBUCL  |e AACR2 
041 0 |a slo 
044 |a xo  |c SK 
080 |a 811.162.4`38  |2 2001 
080 |a 81`38:811.162.4  |2 2001 
100 1 |a Ivanová-Šalingová, Mária,  |d 1923-2016  |4 aut  |9 103839 
245 1 0 |a Hovorový štýl súčasnej spisovnej slovenčiny  |c Mária Ivanová-Šalingová 
504 |a Bibliogr. odkazy 
650 0 7 |a slovenčina  |2 snkbucl  |9 1350 
650 0 7 |a štylistika  |2 snkbucl  |9 870 
650 0 7 |a funkčné jazykové štýly  |2 snkbucl  |9 836322 
650 0 7 |a hovorový štýl  |2 snkbucl  |9 89286 
773 0 |t Slovenská reč  |g Roč. 28, č. 1 (1963), s. 17-32 
850 |a Slovenská národná knižnica 
852 |a Slovenská národná knižnica 
954 |a odborná, vedecká literatúra pôvodná (slovenská)  |2 lita 
958 |a article15 
958 |a OND 
958 |a SK 
958 |a NB 
958 |a EUIPO 
999 |c 2956813  |d 2958743